Elementos de contabilidad; para tercer año /
Guardado en:
| Autor Principal: | |
|---|---|
| Otros Autores: | |
| Formato: | Libro |
| Publicado: |
Buenos Aires :
Stella,
1970
|
| Materias: | |
| Etiquetas: |
Agregar Etiqueta
Sin Etiquetas, Sea el primero en etiquetar este registro!
|
| LEADER | 01205nam a22002175a 4500 | ||
|---|---|---|---|
| 001 | CEM.cems005118 | ||
| 005 | 20060220000000.0 | ||
| 008 | 130507s1970##################000#0#####d | ||
| 003 | CEMS | ||
| 082 | 0 | 4 | |a 657 |
| 100 | 1 | |a Poli, Hugo R. | |
| 245 | 1 | 0 | |a Elementos de contabilidad; para tercer año / |
| 260 | |a Buenos Aires : |b Stella, |c 1970 | ||
| 300 | |a 200 p. | ||
| 505 | 0 | |a Intr. a trav's de la ecuaci¢n contable.-Registro de las transacciónes. -Ajuste a las cuentas y preparaci¢n de estados.-Cuentas con columnas de saldo, hoja de trabajo y cierre de cuentas.-Contabilidad para una empresa mercantil.-Control de compras y ventas.-Diarios especiales y mayores auxiliares.-Comparaci¢n entre ingresos y gastos.-Control interno y de efectivo.-Contabilizaci¢n de los documentos y sus intereses. -Inventarios y costos de lo vendido.-Contabilidad para activos fijos y depeciaci¢n.-Sist. de contabilidad.-Pasivo a largo plazo.-Principios de contabilidad.-Departamentalizaci¢n y control | |
| 653 | |a Comercio exterior | ||
| 653 | |a Contabilidad | ||
| 653 | |a Contabilidad 3er. año | ||
| 653 | |a Credito-concepto | ||
| 700 | 1 | |a Vitta, José V. | |
| 859 | |a CEMS |b BIB. CEMS - 11 de abril |h 657 |i P758/III |p 11535.82 |t Ej.1 | ||
